01370nam a2200337 a 4500001001200000003000800012006001900020007001500039008004100054010001700095020002600112020002500138020002700163040002100190035002100211050002800232082001800260100001900278245009500297260004500392300002400437490006900461504005100530533015200581650004000733655002900773710001700802830007000819856012600889999001701015ebr10575668CaPaEBRm u cr cn|||||||||120424s2012 enka sb 001 0 eng d z 2012010711 z9781119953395 (cloth) z9781119951544 (pbk.) z9781118354292 (e-book) aCaPaEBRcCaPaEBR a(OCoLC)78966170814aTK5105.887b.T37 2012eb04a006.7/8762231 aTarkoma, Sasu.10aPublish/subscribe systemsh[electronic resource] :bdesign and principles /cSasu Tarkoma. aChichester, West Sussex :bWiley,c2012. axii, 341 p. :bill.1 aWiley series in communications networking & distributed services aIncludes bibliographical references and index. aElectronic reproduction.bPalo Alto, Calif. :cebrary,d2013.nAvailable via World Wide Web.nAccess may be limited to ebrary affiliated libraries. 0aPush technology (Computer networks) 7aElectronic books.2local2 aebrary, Inc. 0aWiley series in communications networking & distributed services.40uhttp://site.ebrary.com/lib/rucke/Doc?id=10575668zAn electronic book accessible through the World Wide Web; click to view c78277d78277